000 00601 a2200181 4500
999 _c183208
_d183208
005 20211220155830.0
010 _aENG-130434
020 _a978-93-91370-26-8
_c550.00
035 _aEN-113966
037 _bDBAD/PUB
082 _a153.33
_b1
100 _aNatu, Sadhana
245 _aPsychology and Gender
_cSadhana Natu
_bAn Introduction
260 _aNew Delhi
_bSage Publications India Pvt Ltd.
_c2021
270 _aB-I/I-I, Mohan Cooperative Industrial Area, Mathura Road
_bNew Delhi
_e110044
300 _axxxiii, 231p.
_c22cm (pbk)
_bIndex
942 _adpl
_cEN
_2ddc
_h155.33
_mNAT